Statistics for Groups of Things - Hockey

Click here to take the quiz!

General Stats

  • This quiz has been taken 774 times
  • The average score is 14 of 36

Answer Stats

Hint Answer % Correct
Canada
98%
United States
98%
Soviet Union/Unified Team
95%
Sweden
91%
Wayne Gretzky
86%
Czech Republic
65%
Gordie Howe
63%
Jaromir Jagr
59%
Philadelphia Flyers
55%
Scotty Bowman
54%
St. Louis Blues
51%
Pittsburgh Penguins
50%
Brett Hull
49%
Mark Messier
48%
Los Angeles Kings
47%
Darryl
42%
Minnesota North Stars
36%
Brent
34%
California Seals
31%
Rich
28%
Marcel Dionne
27%
Phil Esposito
27%
Brian
25%
Al Arbour
21%
Ron Francis
20%
Mike Gartner
19%
Toe Blake
19%
Ron
19%
Great Britain
17%
Ray Bourque
16%
Duane
16%
Paul Coffey
14%
Glen Sather
13%
Dick Irvin
8%
Punch Imlach
8%
Hap Day
3%

Score Distribution

Percentile by Number Answered

Percent of People with Each Score

Your Score History

You have not taken this quiz